00429nmm a2200145Ia 4500008004100000041000800041100003100049245002600080264005500106300001800161650002600179856005200205942000700257999001900264251105s9999||||xx |||||||||||||||||und|| aspa aEspinoza Valenzuela, Gilda 0aLa vida es dinámica a[Santiago de Chile, Chile] :bRil editores, c2024 a250 páginas aLatin American poetry uhttps://public.digitaliapublishing.com/a/172306 cCF c106924d106924